000 01128nam a22001937a 4500
003 JO-AjAnu
005 20240708093144.0
008 240706b jo ||||| |||| 00| 0 ara d
040 _aJO-AjAnu
_cJO-AjAnu
041 _aARA
100 1 _aفريحات، كمال موسى علي
_965990
_eمعد
245 2 0 _aالمسؤولية الجزائية الدولية عن الانتهاكات الإسرائيلية لاتفاقيات جنيف الدولية (غزة أنموذجا) = The International Legal Responsibility for Israeli Violations of the / international Geveva conventions in Gaza Serves as an Example
_cاعداد كمال موسى علي فريحات ؛ إشراف زياد محمد الوحشات
260 _c2024
300 _a108 ورقة
500 _a رسالة جامعية (ماجستير) .- جامعة عجلون الوطنية (عجلون، الأردن)، كلية الحقوق ، تخصص القانون، 2024
650 7 0 _aقانون دولي - الانتهاكات الاسرائيلية
_965991
700 1 _aالوحشات، زياد محمد
_964909
_eمشرف
942 _2lcc
_cTHS
_n0
999 _c33551
_d33551